Sports Quiz

Random Sports or Play Quiz

Baseball Hall of Famers by Best Non HOF Teammate Quiz Stats

 Plays Quiz not verified by Sporcle

Challenge
Share
Tweet
Embed
Score 0/148 Timer 20:00
0 Plays Today
Non HOF Teammate Hall of Famer % Correct
Sal BandoCatfish Hunter, Rollie Fingers, and Reggie Jackson
87.5%
Lance BerkmanJeff Bagwell
85.2%
Dwight EvansCarl Yastrzemski and Jim Rice
79.5%
Edgar MartinezRandy Johnson and Ken Griffey, Jr.
78.4%
Andruw JonesGreg Maddux, Tom Glavine, John Smoltz and Chipper Jones
78.4%
Pete RoseJohnny Bench , Joe Morgan, and Tony Perez
78.4%
Gil HodgesJackie Robinson, Roy Campanella, Duke Snider and Pee Wee Reese
78.4%
Ken BoyerStan Musial and Bob Gibson
78.4%
Bobby BondsJuan Marichal and Willie McCovey
77.3%
Dom DiMaggioTed Williams
77.3%
Mark GraceRyne Sandberg
76.1%
Kent HrbekKirby Puckett
76.1%
Don MattinglyDave Winfield and Rickey Henderson
72.7%
Dave ParkerWillie Stargell
71.6%
Jerry KoosmanTom Seaver
71.6%
Mike MussinaCal Ripken
70.5%
Tony OlivaHarmon Killebrew
70.5%
Paul BlairBrooks Robinson and Jim Palmer
70.5%
Norm CashAl Kaline
70.5%
Steve RogersGary Carter and Andre Dawson
69.3%
Ron CeyDon Sutton
69.3%
Rick DempseyEddie Murray
68.2%
Roger ClemensWade Boggs
67%
Teddy HigueraRobin Yount and Paul Molitor
67%
Tim WallachTim Raines
64.8%
Willie WilsonGeorge Brett
64.8%
Willie McGeeOzzie Smith
63.6%
Frank TananaNolan Ryan
62.5%
Al RosenBob Feller, Early Wynn, Bob Lemon and Larry Doby
62.5%
Dale MurphyPhil Niekro
61.4%
Vada PinsonFrank Robinson
61.4%
Roy OswaltCraig Biggio
60.2%
Robin VenturaFrank Thomas
60.2%
Jose RijoBarry Larkin
60.2%
Ron GuidryRich Gossage
60.2%
Mark McGwireDennis Eckersley
60.2%
Lou WhitakerAlan Trammell and Jack Morris
60%
Kenny LoftonJim Thome
60%
Garry MaddoxSteve Carlton and Mike Schmidt
59.1%
Nomar GarciaparraPedro Martinez
56.8%
Ted SimmonsLou Brock
56.8%
Eddie CicotteEddie Collins, Ray Schalk and Red Faber
55.7%
Johnny PeskyBobby Doerr
54.5%
Jim GilliamSandy Koufax
53.4%
Bob FriendRoberto Clemente and Bill Mazeroski
52.3%
Willie DavisDon Drysdale
50%
Bobby GrichRod Carew
47.7%
Tommy HenrichJoe DiMaggio
46.6%
Gil McDougaldYogi Berra, Mickey Mantle, Whitey Ford, and Phil Rizzuto
46.6%
Andy AshbyTony Gwynn
45.5%
Non HOF Teammate Hall of Famer % Correct
Rafael PalmeiroIvan Rodriguez
44.3%
Del EnnisRobin Roberts and Richie Ashburn
44.3%
Al LeiterMike Piazza
40.9%
Charlie KellerBill Dickey, Red Ruffing, and Joe Gordon
40.9%
Billy PierceLuis Aparicio and Nellie Fox
39.8%
Felipe AlouOrlando Cepeda
37.5%
Joe Torre (in HOF as Manager)Hank Aaron
35.2%
Charlie RootGabby Hartnett and Hack Wilson
35.2%
Ken KeltnerLou Boudreau
35.2%
Devon WhiteRoberto Alomar
34.1%
Jake PeavyTrevor Hoffman
32%
Frank ViolaBert Blyleven
30.7%
Johnny AntonelliWillie Mays
30.7%
Luis TiantCarlton Fisk
29.5%
Ben ChapmanLou Gehrig, Earle Combs, Lefty Gomez and Tony Lazzeri
29.5%
Carl MaysBabe Ruth
28.4%
Bob MeuselWaite Hoyt
28.4%
John LackeyVladimir Guerrero
28%
Ripper CollinsFrankie Frisch and Dizzy Dean
27.3%
Rick ReuschelBruce Sutter
26.1%
Harry BrecheenEnos Slaughter and Red Schoendienst
26.1%
Jim Ray HartGaylord Perry
25%
Bill HandsErnie Banks, Billy Williams, Fergie Jenkins, and Ron Santo
25%
Tommy BridgesCharlie Gehringer and Hank Greenberg
25%
Paul DerringerErnie Lombardi
23.9%
Max BishopMickey Cochrane, Jimmie Foxx, and Al Simmons
23.9%
Bobby VeachTy Cobb and Harry Heilmann
23.9%
Ed ReulbachJoe Tinker, Johnny Evers , Frank Chance and Mordecai Brown
23.9%
Joe JudgeSam Rice and Goose Goslin
22.7%
Smoky Joe WoodTris Speaker and Harry Hooper
22.7%
Gavvy CravathPete Alexander and Dave Bancroft
20.5%
Johnny LoganWarren Spahn and Eddie Mathews
20.5%
Dizzy TroutHal Newhouser
19.3%
Mel HarderEarl Averill
19.3%
Stan HackBilly Herman
19.3%
John McGraw (in HOF as Manager)Willie Keeler, Hughie Jennings and Joe Kelley
19.3%
Dolf LuqueEdd Roush and Eppa Rixey
19.3%
Clyde MilanWalter Johnson
19.3%
Tommy LeachHonus Wagner and Fred Clarke
19.3%
Wilbur CooperPie Traynor and Max Carey
17%
Urban ShockerGeorge Sisler
17%
Gary PetersHoyt Wilhelm
15.9%
Art DevlinChristy Mathewson, Roger Bresnahan, and Joe McGinnity
15.9%
George MullinSam Crawford
14.8%
Larry DoyleRube Marquard
14.8%
Buddy MyerJoe Cronin
12.5%
Frank LaryJim Bunning
12.5%
Harry DavisEddie Plank
12.5%
Freddie FitzsimmonsBill Terry, Freddie Lindstrom and Travis Jackson
12.5%
Wes FerrellRick Ferrell
12.5%
Non HOF Teammate Hall of Famer % Correct
Jim BagbyStan Coveleski
11.4%
General CrowderHeinie Manush
11.4%
Chick StahlJimmy Collins
10.2%
Tony MullaneBid McPhee
10.2%
Lon WarnekeKiki Cuyler
10.2%
Herman LongKid Nichols
10.2%
Rube WalbergLefty Grove
10.2%
Bill BradleyElmer Flick and Addie Joss
9.1%
Nap RuckerZack Wheat
9.1%
Thornton LeeTed Lyons and Luke Appling
9.1%
Wally BergerRabbit Maranville
9.1%
Hal SchumacherCarl Hubbell and Mel Ott
9.1%
Jack PowellBobby Wallace
8%
Danny MurphyChief Bender
8%
Bill HutchinsonCap Anson
8%
Terry TurnerNap Lajoie
8%
Nig CuppyCy Young and Jesse Burkett
8%
Murry DicksonRalph Kiner
6.8%
Mike TiernanBuck Ewing, Tim Keefe, Mickey Welch, and Amos Rusie
6.8%
Jack FournierBurleigh Grimes
6.8%
George BurnsRoss Youngs
6.8%
Jack ClementsBilly Hamilton and Sam Thompson
5.7%
Watty ClarkDazzy Vance
5.7%
Hardy RichardsonDan Brouthers
5.7%
Al Spalding (in HOF as executive)Jim O'Rourke and Deacon White
4.5%
Paul HinesMonte Ward
4.5%
Eddie LopatJohnny Mize
4.5%
Spud DavisChuck Klein
4.5%
Art FletcherHigh Pockets Kelly
4.5%
Doc WhiteEd Walsh
4.5%
Fred TenneyVic Willis
3.4%
George UhleJoe Sewell
3.4%
George GoreKing Kelly
3.4%
Noodles HahnJake Beckley
3.4%
Ed MorrisPud Galvin
3.4%
Topsy HartselRube Waddell
3.4%
Jesse TannehillJack Chesbro
3.4%
Al OrthEd Delahanty
3.4%
Billy NashOld Hoss Radbourn
3.4%
Bill SherdelRogers Hornsby, Jesse Haines, Chick Hafey, and Jim Bottomley
3.4%
Jouett MeekinGeorge Davis
2.3%
Stuffy McInnisHerb Pennock
2.3%
Fred HutchinsonGeorge Kell
2.3%
Ted BreitensteinRoger Connor
2.3%
Bob ShawkeyHome Run Baker
2.3%
Jack StivettsHugh Duffy and Tommy McCarthy
2.3%
Bill SwiftPaul Waner, Lloyd Waner and Arky Vaughan
1.1%
Whit WyattJoe Medwick
1.1%

You're not logged in!

Compare scores with friends on all Sporcle quizzes.
OR
Log In

You Might Also Like...

Show Comments

Extras

Top Quizzes Today


Score Distribution

Your Account Isn't Verified!

In order to create a playlist on Sporcle, you need to verify the email address you used during registration. Go to your Sporcle Settings to finish the process.

Report this User

Report this user for behavior that violates our Community Guidelines.

Details: